A user's guide to vaccum technology (Record no. 14710)

MARC details
000 -LEADER
fixed length control field 00621nam a2200229Ia 4500
003 - CONTROL NUMBER IDENTIFIER
control field IN-BaIIA
008 - FIXED-LENGTH DATA ELEMENTS--GENERAL INFORMATION
fixed length control field 211028s9999 xx 000 0 eng d
020 ## - INTERNATIONAL STANDARD BOOK NUMBER
International Standard Book Number 0-471-81242-0
040 ## - CATALOGING SOURCE
Transcribing agency IIA Library
080 ## - UNIVERSAL DECIMAL CLASSIFICATION NUMBER
Universal Decimal Classification number 533.5
Item number O'HA
100 ## - MAIN ENTRY--PERSONAL NAME
Personal name O'Hanlon, J. F
9 (RLIN) 26297
245 #2 - TITLE STATEMENT
Title A user's guide to vaccum technology
Statement of responsibility, etc. J. F. O'Hanlon
250 ## - EDITION STATEMENT
Edition statement 2nd ed.
260 ## - PUBLICATION, DISTRIBUTION, ETC.
Place of publication, distribution, etc. New York
Name of publisher, distributor, etc. John Wiley & Sons
Date of publication, distribution, etc. 1989
300 ## - PHYSICAL DESCRIPTION
Extent xv, 481p.
490 ## - SERIES STATEMENT
Series statement Xerox copy
650 ## - SUBJECT ADDED ENTRY--TOPICAL TERM
Topical term or geographic name entry element Cryogenic pumps
9 (RLIN) 26298
650 ## - SUBJECT ADDED ENTRY--TOPICAL TERM
Topical term or geographic name entry element Gas properties
9 (RLIN) 26299
650 ## - SUBJECT ADDED ENTRY--TOPICAL TERM
Topical term or geographic name entry element Vaccum pumps
9 (RLIN) 26300
650 ## - SUBJECT ADDED ENTRY--TOPICAL TERM
Topical term or geographic name entry element Vaccum technology
9 (RLIN) 26301
942 ## - ADDED ENTRY ELEMENTS (KOHA)
Koha item type Books
Holdings
Withdrawn status Lost status Damaged status Not for loan Home library Current library Shelving location Date acquired Total Checkouts Full call number Barcode Date last seen Price effective from Koha item type
        IIA Library-Bangalore IIA Library-Bangalore General Stacks 15/07/2002   533.5/ O'HA 15632 05/11/2021 15/07/2002 Books

Powered by Koha